Arte y humanismo
Zapisane w:
| 1. autor: | |
|---|---|
| Format: | Książka |
| Język: | hiszpański |
| Wydane: |
Madrid
Cátedra
1981
|
| Wydanie: | 2a. ed |
| Seria: | Ensayos Arte
|
| Hasła przedmiotowe: | |
| Etykiety: |
Dodaj etykietę
Nie ma etykietki, Dołącz pierwszą etykiete!
|
MARC
| LEADER | 00000nam a2200000 a 4500 | ||
|---|---|---|---|
| 001 | UCP9821 | ||
| 003 | CL-VaPUC | ||
| 008 | 000407e19810000SP |||||||||||||||||spa|d | ||
| 082 | 0 | 4 | |a 704.9 |b SEB |2 21 |
| 100 | 0 | |a Sebastián López, Santiago |e author |9 440673 | |
| 245 | 1 | 0 | |a Arte y humanismo |
| 250 | |a 2a. ed | ||
| 300 | |a 317 p | ||
| 942 | |c BK | ||
| 945 | |d 20000407 00:00:00 |a crobeson | ||
| 260 | |a Madrid |b Cátedra |c 1981 | ||
| 650 | 0 | |a Iconografía |9 267998 | |
| 650 | 0 | |a Simbolismo en el arte |9 265074 | |
| 650 | 0 | |a Arte religioso |9 330545 | |
| 650 | 7 | |a TEMPLOS |2 CL-VaPUC |9 266644 | |
| 650 | 0 | |a Iglesias |9 352850 | |
| 650 | 0 | |a Teoría del arte |9 387638 | |
| 583 | |a last modification |c 20000407 00:00:00 |k Rodrigo Vera | ||
| 490 | 0 | |a Ensayos Arte | |
| 999 | |c 286603 |d 286601 | ||
| 952 | |0 0 |1 0 |4 0 |6 704_900000000000000_SEB_1981 |7 0 |8 A |9 332631 |a BIBHIS |b BIBHIS |d 2019-11-20 |i 1398326 |o 704.9 SEB 1981 |p 1398326 |r 2025-01-20 |w 2019-11-20 |y BK |k HIS | ||
| 952 | |0 0 |1 0 |4 0 |6 704_900000000000000_SEB_1981 |7 0 |8 A |9 332632 |a BIBHIS |b BIBHIS |d 2019-11-20 |i 4730941 |o 704.9 SEB 1981 |p 4730941 |r 2025-01-20 |w 2019-11-20 |y BK |k HIS | ||